[Event "BLR-ch U20 Girls"]
[Site "Kobrin"]
[Date "2019.05.16"]
[Round "6"]
[White "Zeliantsova, Kseniya"]
[Black "Staravoitava, Hanna"]
[Result "1-0"]
[WhiteElo "2017"]
[BlackElo "1733"]
[PlyCount "145"]
[EventDate "2019.05.11"]
[EventType "tourn"]
[EventRounds "9"]
[EventCountry "BLR"]
[SourceTitle "CBM 190 Extra"]
[Source "ChessBase"]
[SourceDate "2019.07.15"]
[SourceVersion "1"]
[SourceVersionDate "2019.07.15"]
[SourceQuality "1"]

1. e4 e5 2. Nf3 Nc6 3. Bb5 a6 4. Ba4 d6 5. c3 Bd7 6. 0-0 g6 7. d4 Bg7 8. Re1 Nf6 9. Nbd2 0-0 10. Nf1 exd4 11. cxd4 b5 12. Bb3 Bg4 13. Be3 Na5 14. Bd2 Nxb3 15. Qxb3 Nd7 16. Bg5 Qb8 17. Rad1 c5 18. dxc5 dxc5 19. h3 Be6 20. Qc2 Rc8 21. Ne3 Ne5 22. Nh2 c4 23. Bf4 b4 24. Nd5 Ra7 25. Ng4 Bxg4 26. hxg4 b3 27. axb3 Qxb3 28. Qxb3 cxb3 29. Rc1 Rf8 30. Re3 Rb7 31. f3 a5 32. g5 a4 33. Nf6+ Bxf6 34. gxf6 Rb5 35. Bxe5 Rxe5 36. Ra1 h5 37. Rxa4 Rb8 38. Ra3 Reb5 39. Rc3 g5 40. Ra7 Rf8 41. Rcc7 g4 42. fxg4 hxg4 43. Rab7 Rb8 44. Rxb8+ Rxb8 45. Rc5 Ra8 46. Rb5 Ra4 47. Rxb3 Rxe4 48. Kf2 Rf4+ 49. Kg3 Rxf6 50. Rb4 Kf8 51. Rxg4 Ke7 52. Rf4 Rd6 53. b4 Rd1 54. Kf3 Rd3+ 55. Kg4 Ke6 56. Re4+ Kd6 57. Kf5 Rg3 58. Rg4 Ra3 59. Kf6 Ra7 60. Rg7 Rb7 61. Rxf7 Rxb4 62. Kg5 Ke6 63. Rf4 Rxf4 64. Kxf4 Kf6 65. g3 Kg6 66. Kg4 Kf6 67. Kh5 Kg7 68. Kg5 Kh7 69. Kf6 Kh6 70. g4 Kh7 71. g5 Kg8 72. Kg6 Kh8 73. Kf7 1-0

[Event "BLR-ch U20 Girls"]
[Site "Kobrin"]
[Date "2019.05.13"]
[Round "3"]
[White "Staravoitava, Hanna"]
[Black "Poliakova, Varvara"]
[Result "0-1"]
[WhiteElo "1733"]
[BlackElo "1900"]
[PlyCount "96"]
[EventDate "2019.05.11"]
[EventType "tourn"]
[EventRounds "9"]
[EventCountry "BLR"]
[SourceTitle "CBM 190 Extra"]
[Source "ChessBase"]
[SourceDate "2019.07.15"]
[SourceVersion "1"]
[SourceVersionDate "2019.07.15"]
[SourceQuality "1"]

1. d4 f5 2. Bf4 Nf6 3. e3 d6 4. Be2 g6 5. h4 Bg7 6. Nh3 h6 7. Bh2 0-0 8. Nf4 Qe8 9. h5 g5 10. Ng6 Rf7 11. Nc3 Nc6 12. Qd2 e6 13. 0-0-0 Ne7 14. f4 g4 15. Nxe7+ Rxe7 16. Bg3 Bd7 17. Bh4 Rf7 18. Bxf6 Bxf6 19. e4 b5 20. e5 Bg7 21. Qd3 Rb8 22. Nb1 d5 23. Nd2 Bf8 24. Nb3 b4 25. Qa6 Bb5 26. Bxb5 Rxb5 27. Qxa7 c5 28. Qa6 c4 29. Nc5 Bxc5 30. dxc5 Rxc5 31. a4 Rcc7 32. Rxd5 exd5 33. Qg6+ Kf8 34. Qxh6+ Rg7 35. e6 Qe7 36. Re1 Kg8 37. Re5 Rc6 38. Kd1 c3 39. b3 d4 40. Ke2 d3+ 41. Kxd3 Qd6+ 42. Ke2 Qd2+ 43. Kf1 g3 44. Re2 Qd1+ 45. Re1 Qxc2 46. Re2 Qd1+ 47. Re1 c2 48. Qf6 Qxe1+ 0-1

[Event "BLR-ch U20 Girls"]
[Site "Kobrin"]
[Date "2019.05.11"]
[Round "1"]
[White "Dolbieva, Ksenia"]
[Black "Staravoitava, Hanna"]
[Result "1-0"]
[WhiteElo "1847"]
[BlackElo "1733"]
[PlyCount "55"]
[EventDate "2019.05.11"]
[EventType "tourn"]
[EventRounds "9"]
[EventCountry "BLR"]
[SourceTitle "CBM 190 Extra"]
[Source "ChessBase"]
[SourceDate "2019.07.15"]
[SourceVersion "1"]
[SourceVersionDate "2019.07.15"]
[SourceQuality "1"]

1. d4 Nf6 2. Nf3 e6 3. g3 c5 4. Bg2 cxd4 5. Nxd4 d5 6. c4 e5 7. Nf3 d4 8. 0-0 Nc6 9. e3 Bg4 10. Qb3 Qb6 11. Re1 Qxb3 12. axb3 0-0-0 13. exd4 Bxf3 14. Bxf3 Nxd4 15. Bd1 Bc5 16. Rxe5 Nd7 17. Rd5 Nc6 18. Bg4 Rhe8 19. Bd2 Re5 20. Nc3 Rxd5 21. Nxd5 Nd4 22. b4 Nb3 23. Rd1 Nxd2 24. Rxd2 Bf8 25. c5 h5 26. Bh3 g5 27. Bf5 Bg7 28. b5 1-0

[Event "Orsha op"]
[Site "Orsha"]
[Date "2019.01.19"]
[Round "3"]
[White "Strybuk, Artsiom I"]
[Black "Staravoitava, Hanna"]
[Result "1-0"]
[WhiteElo "2110"]
[BlackElo "1864"]
[PlyCount "67"]
[EventDate "2019.01.18"]
[EventType "swiss"]
[EventRounds "9"]
[EventCountry "BLR"]
[SourceTitle "CBM 188 Extra"]
[Source "ChessBase"]
[SourceDate "2019.02.26"]
[SourceVersion "1"]
[SourceVersionDate "2019.02.26"]
[SourceQuality "1"]

1. d4 Nf6 2. c4 g6 3. Nc3 d5 4. Nf3 Bg7 5. Qb3 dxc4 6. Qxc4 0-0 7. e4 c6 8. Be2 b5 9. Qb3 a5 10. Qc2 Na6 11. 0-0 Qb6 12. h3 Nc7 13. Be3 Qb7 14. Rac1 Be6 15. Qb1 a4 16. a3 Rfb8 17. Ne5 c5 18. d5 Nfxd5 19. exd5 Bf5 20. Bd3 Bxe5 21. Bxf5 b4 22. d6 exd6 23. Be4 Qa6 24. axb4 cxb4 25. Nxa4 d5 26. Nc5 Qd6 27. Bf3 b3 28. Rfd1 Ra2 29. Bd4 Bf4 30. Nxb3 Qa6 31. Nc5 Qa5 32. Nd7 Raxb2 33. Bxb2 Bxc1 34. Qxc1 1-0

[Event "Wch U16 Girls"]
[Site "Porto Carras"]
[Date "2018.10.30"]
[Round "11.31"]
[White "Staravoitava, Hanna"]
[Black "Tejasvi, M."]
[Result "1-0"]
[WhiteElo "1768"]
[BlackElo "1869"]
[PlyCount "87"]
[EventDate "2018.10.20"]
[EventType "swiss"]
[EventRounds "11"]
[EventCountry "GRE"]
[SourceTitle "CBM 187 Extra"]
[Source "ChessBase"]
[SourceDate "2018.11.04"]
[SourceVersion "1"]
[SourceVersionDate "2018.11.04"]
[SourceQuality "1"]

1. e4 e5 2. Nf3 Nc6 3. d4 exd4 4. Nxd4 Bc5 5. Nxc6 Qf6 6. Qf3 Qxf3 7. gxf3 dxc6 8. Be3 Bxe3 9. fxe3 Be6 10. Nd2 0-0-0 11. Bc4 Bxc4 12. Nxc4 Nf6 13. Rg1 g6 14. Ke2 Rhe8 15. a4 Nd7 16. Rad1 Nb6 17. Nxb6+ cxb6 18. Rxd8+ Kxd8 19. h4 Re6 20. h5 Ke7 21. Rh1 h6 22. hxg6 Rxg6 23. f4 Kf6 24. Kf3 Kg7 25. e5 Kh7 26. Rh2 b5 27. axb5 cxb5 28. Ke4 a5 29. c3 a4 30. Kd5 Rc6 31. f5 a3 32. bxa3 Rxc3 33. e4 Rd3+ 34. Kc5 Re3 35. Rh4 Rxa3 36. Kxb5 Ra6 37. Kc5 Kg7 38. Rh2 Ra4 39. Re2 h5 40. Kd6 Rd4+ 41. Ke7 h4 42. e6 fxe6 43. f6+ Kh7 44. f7 1-0

[Event "Wch U16 Girls"]
[Site "Porto Carras"]
[Date "2018.10.27"]
[Round "8"]
[White "Bach, Ngoc Thuy Duong"]
[Black "Staravoitava, Hanna"]
[Result "1-0"]
[WhiteElo "2161"]
[BlackElo "1768"]
[PlyCount "91"]
[EventDate "2018.10.20"]
[EventType "swiss"]
[EventRounds "11"]
[EventCountry "GRE"]
[SourceTitle "CBM 187 Extra"]
[Source "ChessBase"]
[SourceDate "2018.11.04"]
[SourceVersion "1"]
[SourceVersionDate "2018.11.04"]
[SourceQuality "1"]

1. d4 Nf6 2. c4 e6 3. Nc3 Bb4 4. Qc2 d5 5. cxd5 exd5 6. Bg5 h6 7. Bh4 c5 8. dxc5 0-0 9. e3 Be6 10. Nf3 Nbd7 11. a3 Bxc5 12. Be2 Rc8 13. 0-0 Be7 14. Qd1 Nc5 15. Nd4 Nfe4 16. Bxe7 Qxe7 17. Rc1 Nxc3 18. Rxc3 Ne4 19. Rxc8 Rxc8 20. Bg4 Bxg4 21. Qxg4 Rc4 22. Rd1 Qc7 23. g3 Rc1 24. Kg2 Rxd1 25. Qxd1 Qa5 26. Nf5 Qd2 27. Qxd2 Nxd2 28. Nd6 Kf8 29. Nxb7 Nc4 30. b3 Nxa3 31. Kf3 Ke7 32. Kf4 Kf6 33. e4 dxe4 34. Kxe4 Ke7 35. Kd5 Kd7 36. Nd6 Ke7 37. Nc8+ Kf6 38. Nxa7 Kf5 39. Nc6 Kg4 40. Ne5+ Kh3 41. Nc4 Nc2 42. Ne3 Na3 43. b4 Kxh2 44. Kc5 Kg1 45. Nc4 Nb1 46. Kd4 1-0

[Event "Wch U16 Girls"]
[Site "Porto Carras"]
[Date "2018.10.24"]
[Round "6"]
[White "Miroshnik, Ekaterina"]
[Black "Staravoitava, Hanna"]
[Result "1/2-1/2"]
[WhiteElo "2023"]
[BlackElo "1768"]
[PlyCount "126"]
[EventDate "2018.10.20"]
[EventType "swiss"]
[EventRounds "11"]
[EventCountry "GRE"]
[SourceTitle "CBM 187 Extra"]
[Source "ChessBase"]
[SourceDate "2018.11.04"]
[SourceVersion "1"]
[SourceVersionDate "2018.11.04"]
[SourceQuality "1"]

1. d4 Nf6 2. c4 e6 3. Nf3 b6 4. g3 Bb4+ 5. Bd2 Bxd2+ 6. Qxd2 Ba6 7. Qc2 d5 8. Nbd2 0-0 9. Bg2 Nbd7 10. 0-0 c5 11. Qa4 Bb7 12. e3 Qe7 13. Rac1 e5 14. dxe5 Nxe5 15. Nxe5 Qxe5 16. Qa3 Qe7 17. cxd5 Nxd5 18. Nc4 Nb4 19. Bxb7 Qxb7 20. Rfd1 Rfd8 21. Qb3 Qe4 22. a3 Nd5 23. Nd2 Qg6 24. Nf3 Qe4 25. Ng5 Qf5 26. f4 Nc7 27. e4 Qf6 28. Qc2 Ne6 29. e5 Qg6 30. Qxg6 hxg6 31. Nf3 Kf8 32. Kf2 Ke7 33. Ke3 Rac8 34. Ke4 b5 35. Rxd8 Rxd8 36. b3 Kd7 37. g4 Kc6 38. f5 gxf5+ 39. gxf5 Nd4 40. Rd1 Rh8 41. Nxd4+ cxd4 42. Rc1+ Kd7 43. Kxd4 Rxh2 44. Rg1 Rh5 45. Ke4 Kc6 46. Rxg7 Rh4+ 47. Kf3 Kd5 48. e6 fxe6 49. f6 Ke5 50. f7 Rf4+ 51. Ke3 Rf1 52. Ke2 Rf6 53. f8Q Rxf8 54. Rxa7 Ke4 55. Rh7 Kd4 56. Rh4+ Kc3 57. Rb4 Rf5 58. Ke3 Rh5 59. Ke2 Rd5 60. Ke3 e5 61. Ke2 Rc5 62. Ke3 Rd5 63. Ke2 Rc5 1/2-1/2

[Event "Wch U16 Girls"]
[Site "Porto Carras"]
[Date "2018.10.20"]
[Round "1"]
[White "Staravoitava, Hanna"]
[Black "Grigorieva, Yulia"]
[Result "0-1"]
[WhiteElo "1768"]
[BlackElo "2112"]
[PlyCount "98"]
[EventDate "2018.10.20"]
[EventType "swiss"]
[EventRounds "11"]
[EventCountry "GRE"]
[SourceTitle "CBM 187 Extra"]
[Source "ChessBase"]
[SourceDate "2018.11.04"]
[SourceVersion "1"]
[SourceVersionDate "2018.11.04"]
[SourceQuality "1"]

1. e4 e5 2. Nf3 Nc6 3. Bb5 a6 4. Bxc6 dxc6 5. d3 Bd6 6. Nbd2 f6 7. Nc4 c5 8. 0-0 Ne7 9. c3 Nc6 10. Qe2 Be6 11. Rd1 Qd7 12. Be3 Bg4 13. Kh1 Qe7 14. Qc2 Bxf3 15. gxf3 0-0-0 16. a3 f5 17. b4 f4 18. Bc1 Qh4 19. Rg1 Rhf8 20. Bb2 Rf6 21. Rg2 Rh6 22. d4 g5 23. bxc5 g4 24. Qe2 Qh3 25. Nd2 exd4 26. cxd4 Bf8 27. d5 Ne7 28. fxg4 Ng6 29. Qf3 Bxc5 30. Rc1 Be7 31. g5 Qxf3 32. Nxf3 Rh3 33. Rc3 Bf8 34. Rd3 Nh4 35. Bf6 Re8 36. Nxh4 Rxd3 37. f3 Rd1+ 38. Rg1 Rxg1+ 39. Kxg1 Bxa3 40. Ng2 Bd6 41. h4 a5 42. Ne1 a4 43. Nd3 a3 44. Kf1 b5 45. Ke2 b4 46. Kd1 b3 47. Kc1 b2+ 48. Kb1 Kd7 49. e5 Rb8 0-1

[Event "EU-ch U16 Girls 28th"]
[Site "Riga"]
[Date "2018.08.21"]
[Round "2"]
[White "Staravoitava, Hanna"]
[Black "Tomcikova, Dominika"]
[Result "1/2-1/2"]
[WhiteElo "1717"]
[BlackElo "1915"]
[PlyCount "50"]
[EventDate "2018.08.20"]
[EventType "swiss"]
[EventRounds "9"]
[EventCountry "LAT"]
[SourceTitle "CBM 186 Extra"]
[Source "ChessBase"]
[SourceDate "2018.08.24"]
[SourceVersion "1"]
[SourceVersionDate "2018.08.24"]
[SourceQuality "1"]

1. e4 c6 2. Nf3 d5 3. Nc3 Nf6 4. exd5 cxd5 5. d4 Nc6 6. Bf4 Bg4 7. Be2 g6 8. h3 Bf5 9. Bb5 a6 10. Bxc6+ bxc6 11. 0-0 Bg7 12. Ne2 0-0 13. Ng3 Qc8 14. Ne5 Be6 15. Qd2 c5 16. c3 cxd4 17. cxd4 Qb7 18. Rac1 Rfc8 19. Rc5 Nd7 20. Nxd7 Bxd7 21. Re1 Rxc5 22. dxc5 Rc8 23. b4 e6 24. Bd6 Rc6 25. Be7 Be8 1/2-1/2